[Event "Brnshj Lang Weekend 2019"]
[Site "?"]
[Date "2019.02.11"]
[Round "6"]
[White "Andersen, Soren Mikkel"]
[Black "Stojanovski, Sandi"]
[Result "1-0"]
[WhiteElo "2138"]
[BlackElo "2235"]
[PlyCount "77"]
[EventDate "2019.02.??"]
[EventType "swiss"]
[EventRounds "7"]

1. d4 Nf6 2. c4 e6 3. Nc3 Bb4 4. Qc2 c5 5. dxc5 O-O 6. Nf3 Na6 7. Bd2 Bxc5 8.
Rd1 Ng4 9. Ne4 f5 10. Nxc5 Nxc5 11. h3 Nf6 12. b4 Nce4 13. Ng5 b5 14. Nxe4 Nxe4
15. Bf4 Bb7 16. e3 bxc4 17. Bxc4 Rc8 18. Qb3 d5 19. Bd3 Qf6 20. Bxe4 fxe4 21.
O-O g5 22. Bd6 Rf7 23. Rd2 h5 24. Qb2 Qd8 25. Qe5 Rc6 26. Bc5 Rf5 27. Qxe4 g4
28. hxg4 Qg5 29. Qd4 hxg4 30. e4 Rf4 31. Qe3 e5 32. Rxd5 Rh6 33. Rd6 Rxd6 34.
Bxd6 Qf6 35. Qxa7 Bxe4 36. Qb8+ Kh7 37. Bxe5 Qc6 38. Qh8+ Kg6 39. Bxf4 1-0

[Event "Brnshj Lang Weekend 2019"]
[Site "?"]
[Date "2019.02.11"]
[Round "7"]
[White "Antonsen, Mikkel"]
[Black "Andersen, Soren Mikkel"]
[Result "1-0"]
[WhiteElo "2428"]
[BlackElo "2138"]
[PlyCount "71"]
[EventDate "2019.02.??"]
[EventType "swiss"]
[EventRounds "7"]

1. d4 d5 2. c4 c6 3. Nf3 Nf6 4. e3 e6 5. Bd3 dxc4 6. Bxc4 Nbd7 7. O-O b5 8. Bd3
Bd6 9. a4 bxa4 10. Qxa4 Qc7 11. Nbd2 O-O 12. e4 e5 13. Nc4 exd4 14. Nxd6 Qxd6
15. Qxd4 Qxd4 16. Nxd4 Nc5 17. Bc2 Ncxe4 18. Nxc6 a6 19. f3 Nd6 20. Rd1 Nb5 21.
Bg5 Re8 22. Bd3 Be6 23. Bxf6 gxf6 24. Nb4 Bb3 25. Rdc1 Nd4 26. Rxa6 Rxa6 27.
Bxa6 Ne2+ 28. Bxe2 Rxe2 29. Nd3 Rd2 30. Rc3 Ba4 31. b3 Bb5 32. Nf4 Rb2 33. Nh5
Rb1+ 34. Kf2 Rb2+ 35. Kg3 Bf1 36. Rc8# 1-0

[Event "Brnshj Lang Weekend 2019"]
[Site "?"]
[Date "2019.02.11"]
[Round "7"]
[White "Haubro, Martin"]
[Black "Percivaldi, Martin"]
[Result "1/2-1/2"]
[WhiteElo "2344"]
[BlackElo "2392"]
[PlyCount "52"]
[EventDate "2019.02.??"]
[EventType "swiss"]
[EventRounds "7"]

1. e4 c5 2. Nf3 e6 3. d4 cxd4 4. Nxd4 a6 5. Bd3 Nf6 6. O-O e5 7. Ne2 Bc5 8.
Nbc3 h6 9. Ng3 d6 10. Nh5 Nxh5 11. Qxh5 Be6 12. Kh1 Nd7 13. Bd2 O-O 14. f4 exf4
15. Bxf4 Ne5 16. Bxe5 dxe5 17. Qxe5 Bd4 18. Qg3 Bxc3 19. bxc3 Rc8 20. e5 Qg5
21. Qxg5 hxg5 22. Rfb1 Bd5 23. c4 Bxc4 24. Rxb7 Bxd3 25. cxd3 Rfd8 26. Rb6 Rxd3
1/2-1/2

[Event "Brnshj Lang Weekend 2019"]
[Site "?"]
[Date "2019.02.11"]
[Round "7"]
[White "Holmsgaard, Henrik"]
[Black "Jacobsen, Mikkel Manosri"]
[Result "1-0"]
[WhiteElo "2239"]
[BlackElo "2276"]
[PlyCount "89"]
[EventDate "2019.02.??"]
[EventType "swiss"]
[EventRounds "7"]

1. e4 c5 2. c3 d5 3. exd5 Qxd5 4. d4 Nc6 5. Nf3 Bg4 6. Be2 cxd4 7. cxd4 e6 8.
O-O Nf6 9. Nc3 Qa5 10. h3 Bh5 11. Be3 Be7 12. a3 Rd8 13. b4 Qc7 14. Qb3 O-O 15.
Rfd1 Nd5 16. Nxd5 Rxd5 17. Rac1 Qb8 18. b5 Na5 19. Qc3 b6 20. g4 Bg6 21. Ne5
Bd6 22. Bf4 Rd8 23. a4 f6 24. Nxg6 hxg6 25. Be3 Bf4 26. Bf3 Bxe3 27. Qxe3 R5d6
28. Be4 Kf7 29. Bb1 Rc8 30. Ba2 Nb7 31. f4 Nd8 32. f5 Rxc1 33. Rxc1 Qb7 34. Re1
Qc8 35. Qe4 gxf5 36. gxf5 Qc3 37. Bxe6+ Kf8 38. Bd5 Qg3+ 39. Kf1 Qxh3+ 40. Kf2
Qh2+ 41. Ke3 g5 42. Kd3 Qh3+ 43. Kc4 Rxd5 44. Qe8+ Kg7 45. Qg6+ 1-0

[Event "Brnshj Lang Weekend 2019"]
[Site "?"]
[Date "2019.02.11"]
[Round "7"]
[White "Vasli, Aref"]
[Black "Nielsen, Viktor Haarmark"]
[Result "1/2-1/2"]
[WhiteElo "2293"]
[BlackElo "2265"]
[PlyCount "96"]
[EventDate "2019.02.??"]
[EventType "swiss"]
[EventRounds "7"]

1. e4 c5 2. Nf3 e6 3. d4 cxd4 4. Nxd4 Nc6 5. Nc3 Qc7 6. g3 a6 7. Bg2 Nf6 8. O-O
Nxd4 9. Qxd4 Bc5 10. Bf4 d6 11. Qd3 h6 12. Na4 e5 13. Nxc5 dxc5 14. Be3 Be6 15.
Rfd1 Ng4 16. Bd2 Rd8 17. Qc3 O-O 18. h3 Nf6 19. Be3 b6 20. a3 Rfe8 21. Kh2 Bc8
22. b4 c4 23. a4 Be6 24. a5 bxa5 25. Rxd8 Rxd8 26. Rxa5 Qb7 27. Rxe5 Rb8 28.
Ra5 Qxb4 29. Qxb4 Rxb4 30. Rxa6 c3 31. Rc6 Nxe4 32. f3 Nd2 33. Rxc3 Nc4 34. Bd4
Ra4 35. g4 Na3 36. Be3 Bc4 37. Bc5 Nb5 38. Re3 Ra2 39. Re8+ Kh7 40. f4 Rxc2 41.
Kg3 Rc3+ 42. Re3 Rxe3+ 43. Bxe3 g6 44. f5 gxf5 45. gxf5 Bd3 46. Kf4 Nd6 47. Bd5
Nxf5 48. Bxf7 Nxe3 1/2-1/2